000 00697nam a2200253Ia 4500
003 OSt
005 20221005093901.0
006 a|||||r|||| 00| 0
007 ta
008 221004b |||||||| |||| 00| 0 eng d
020 _a0631151982
024 _a41418
037 _cTextual
040 _aCRL
_cCRL
_beng
041 _2eng
_aeng
082 _aO111,3:gN, N4
100 _aCunningham Valentine
_9458521
245 0 _aIn the reading gaol
_b Post modernity texts and history
260 _aOxford
_bBlackwell
_c1994
300 _a418p.
_ccm.
650 _aENGLISH LITERATURE
942 _hO111,3:gN, N4
_cTEXL
_2cc
999 _c1001083
_d1001083